书目信息 |
| 题名: |
威胁就在身边
|
|
| 作者: | ;张健 译 ;日本朝日新闻社 编 | |
| 分册: | ||
| 出版信息: | 沈阳 辽宁人民出版社 1981 |
|
| 页数: | 189页 | |
| 开本: | 19cm | |
| 丛书名: | ||
| 单 册: | ||
| 中图分类: | D526 | |
| 科图分类: | ||
| 主题词: | 情报机构--活动--世界 | |
| 电子资源: | ||
| ISBN: | ||
| 000 | 00683nam0 2200241 45 | |
| 001 | 0181002721 | |
| 005 | 20060913082938.35 | |
| 010 | @dCNY0.45 | |
| 091 | @aCN@b13090.46 | |
| 100 | @a19950616d1981 emky0chiy0121 ea | |
| 101 | 1 | @achi@cjpn |
| 102 | @aCN@b210000 | |
| 105 | @ay z 000yy | |
| 200 | 10 | @a威胁就在身边@Awei xie jiu zai shen bian@f日本朝日新闻社编@g张健译 |
| 210 | @a沈阳@c辽宁人民出版社@d1981 | |
| 215 | @a189页@d19cm | |
| 606 | @a情报机构@x活动@y世界 | |
| 690 | @aD526@v3 | |
| 702 | 0 | @a张健@Azhang jian@4译 |
| 711 | 02 | @a日本朝日新闻社@Ari ben zhao ri xin wen she@4编 |
| 801 | 0 | @aCN@bTSSF@c20060913 |
| 801 | 2 | @aCN@bNLC@c20060801 |
| 905 | @a10447@dD526@e121 | |
| 威胁就在身边/日本朝日新闻社编/张健译.-沈阳:辽宁人民出版社,1981 |
| 189页;19cm |
| ISBN :CNY0.45 |
| ● |
| 相关链接 |
|
|
|
|
正题名:威胁就在身边
索取号:D526/121
 
预约/预借
| 序号 | 登录号 | 条形码 | 馆藏地/架位号 | 状态 | 备注 |
| 1 | 0441337 | 204413376 | 密集书库/ [索取号:D526/121] | 在馆 | |
| 2 | 0441338 | 204413385 | 密集书库/ [索取号:D526/121] | 在馆 | |
| 3 | 0441339 | 204413394 | 密集书库/ [索取号:D526/121] | 在馆 | |
| 4 | 0475078 | 204750787 | 密集书库/ [索取号:D526/121] | 在馆 |